MDQL
is popping MORE tags! Check the
thread
!
Quizzes
Events
Quiz Creation
Community
Videos
Private Events
Remove Ads
Sign In
Join for FREE
Feedback
Dark Mode
Quiz Categories
Sports
Geography
Music
Movies
Television
Just For Fun
Miscellaneous
History
Literature
Language
Science
Gaming
Entertainment
Religion
Holiday
For Kids
Quiz Lab
Recent
Popular Today
Quiz Kudos Today
Editor Picks
Curator Picks
Quizzes by...
Day
Popularity
Type
Ratings
Length
Year
Community
Subscriptions
Recent Discussions
Orange Saloon
Badges
Playlists
Quests
Create
Leaderboards
Showdown
Live 5
Trivia Bingo
Activity
Puzzle Library
Sporcle Events
Private Events
Virtual Trivia
Globe League
Become a Host
Pub Owners
SporcleCon
Opinionation
Our Games
Videos
Blog
Mobile Apps
Partnerships
Remove Ads and Go Orange
Feedback
Geography
Country
Landmarks
City
State
Population
World
Capital
Continent
Flags
Europe
Africa
Asia
South America
North America
Oceania
Border
Canada
United Kingdom
Topography
United States
Geography
Country
Landmarks
City
State
Population
World
Capital
Continent
Flags
Europe
Africa
Asia
South America
North America
Oceania
Border
Canada
United Kingdom
Topography
United States
Random Quiz
Search Sporcle
×
Quiz Lab
Quiz Lab
Geography
Country
Type in answers that appear in a list
Type in answers that appear in a list
Classic
Best Score? Go Orange.
Official Country Names Stats
Can you name the countries by parts of their official names?
By
Tonow
4m
21 Questions
98 Plays
98 Plays
98 Plays
Comments
Comments
Give Quiz Kudos
Give Quiz Kudos
-
- Ratings
hide this ad
Replay
Link that replays current quiz
Next Quiz
Link to next quiz in quiz playlist
You Got
0%
They Got
Avg Score
49%
Avg Friend Score
Upgrade to see
Score Distribution
Jump to the score distribution portion of the page
Score
0/21
Timer
04:00
0
Plays Today
Official country names
Name of country
% Correct
People's Republic of _
_
_
_
_
China
98%
Kyrgyz Republic
Kyrgyzstan
86.7%
Islamic Republic of _
_
_
_
_
Iran
82.7%
Hellenic Republic
Greece
69.4%
Hashemite Kingdom of _
_
_
_
Jordan
64.3%
The Former Yugoslav Republic of _
_
_
_
_
Macedonia
64.3%
Federated States of _
_
_
_
_
Micronesia
61.2%
Grand Duchy of _
_
_
_
_
_
Luxembourg
60.2%
Plurinational State of _
_
_
_
_
Bolivia
59.2%
Islamic Republic of _
_
_
_
_
Pakistan
57.1%
Bolivarian Republic of _
_
_
_
Venezuela
57.1%
Official country names
Name of country
% Correct
Islamic Republic of _
_
_
_
_
Afghanistan
49%
Republic of the Union of _
_
_
_
_
Myanmar
37.8%
Oriental Republic of _
_
_
_
_
Uruguay
34.7%
People's Republic of _
_
_
_
_
Algeria
33.7%
People's Republic of _
_
_
_
_
Bangladesh
28.6%
Islamic Republic of _
_
_
_
_
Mauritania
26.5%
Democratic Socialist Republic of _
_
_
_
_
Sri Lanka
20.4%
Independent State of _
_
_
_
Samoa
18.4%
Federal Democratic Republic of _
_
_
_
Ethiopia
17.3%
Independent State of _
_
_
_
_
_
_
Papua New Guinea
17.3%
Quiz Playlist
Details
Report
Send in Message
Add To Playlist
Classic:
Type in answers that appear in a list
Last Updated: Feb 16, 2017
Quiz Scoreboard
CHALLENGE
Sign Up to Join the Scoreboard
Show All
Scores
Hide
Comments
May contain spoilers
Recently Published
Image Sorting: Flags VI
by Barbecue
Geography
2m
Find the 'City' Movie
by crazypaving
Movies
60s
5x2 Blitz: Bands
by SL_Kpop136
Music
30s
More to Explore
Quiz From the Vault
Featured Blog Post
14 Easter Pick-up Lines to Find Eggs With
hide this ad
You Might Also Like...
Tags
Country Quiz
Kyrgyzstan
official
Official Names
Today's Top Quizzes in Geography
Browse Geography
hide this ad
Today's Top Quizzes in Country
Browse Country
Top Contributed Quizzes in Geography
1
Colored Red Europe Blitz I
2
Countries of the World - No Outlines Minefield
3
Colored Red Africa Blitz II
4
Colored Red Europe Blitz II
5
Colored Red Europe Blitz III
6
Colored Red Africa Blitz III
7
Colored Red States Blitz I
8
A Different View: World Oceans
9
Colored Red States Blitz II
10
Lietuvos savivaldybės (Lithuanian Municipalities)
Explore More
Trending Topics
Marvel
Harry Potter
Disney
Anime
Kpop
Crossword
NBA
The Office
Soccer
Pokémon
NFL
Puzzle
WWE
Country
Song
hide this ad
More By:
Tonow
Quiz
Plays
Rating
Category
Featured
Created
Overwatch Ultimate Matching
4,003
4.50
Gaming
Jan 12, 2017
Surgical Procedures
291
5.00
Science
Jan 9, 2016
Songs on Daft Punk's Discovery
147
4.50
Music
Jan 12, 2017
Official Country Names
98
4.00
Geography
Oct 4, 2014
Island Possessions 3
73
2.83
Geography
Jan 8, 2016
Go to Creator's Profile
Score Distribution
Quiz Creator Spotlight
Tonow
Follow
Send a Message
Quizzes Created
-
Created Quiz Play Count
-
More By This Creator
Popular Quizzes Today
1
Colored Red Africa Blitz
2
Find the US States - No Outlines Minefield
3
Find the 'City' Movie
4
5x2 Blitz: Bands
5
The Countries of the World
6
Find the US States
7
Find the Countries of Europe - No Outlines Minefield
8
US States
More Geography Quizzes
Where Is That 'K' City? (USA)
Published
Trending Quizzes
Colored Red Europe Blitz I
Colored Red Europe Blitz II
Colored Red Africa Blitz II
Colored Red Europe Blitz III
Colored Red Africa Blitz III
Recently Updated
How Do You Spell That?
pecheneg
Godzilla Movies
pecheneg
Grab Bag: 4-10 Letters
pecheneg
2024 March Madness Bracket
pecheneg
Famous TV Couples
Peacemaker
Champions League XIs: Real Madrid
pecheneg
Largest US Cities 1790-2010
pecheneg
Rides in Walt Disney World
pecheneg
Most Oscar Losses (Acting)
pecheneg
Beyoncé Albums
pecheneg
Trending Topics
Crossword
Anime
Harry Potter
Kpop
Marvel
NBA
Disney
Country
NFL
Song
Puzzle
Soccer
The Office
WWE
Pokémon
Your Account Isn't Verified!
In order to create a playlist on Sporcle, you need to verify the email address you used during registration. Go to your
Sporcle Settings
to finish the process.
Report this User
Report this user for behavior that violates our
Community Guidelines
.
Details:
Send Report
Go to the Sporcle.com Mobile Site →
Comments